[Event "Pan American-ch School U15 12th"]
[Site "Callao"]
[Date "2023.10.20"]
[Round "8"]
[White "Ortiz Mallma, Fabian Ivan"]
[Black "Huertas Poma, Adrian Antonio"]
[Result "0-1"]
[WhiteElo "1226"]
[BlackElo "1399"]
[PlyCount "163"]
[EventDate "2023.10.16"]
[EventType "swiss"]
[EventRounds "9"]
[EventCountry "PER"]
[SourceTitle "Mega2024 Update 01"]
[Source "Chessbase"]
[SourceDate "2023.11.12"]
[SourceVersion "1"]
[SourceVersionDate "2023.11.12"]
[SourceQuality "1"]

1. d4 Nf6 2. Nf3 d5 3. e3 e6 4. Bd3 b6 5. c3 Bd6 6. Nbd2 0-0 7. 0-0 Ba6 8. Bxa6 Nxa6 9. Qe2 Nb8 10. e4 dxe4 11. Nxe4 Nxe4 12. Qxe4 Nd7 13. Qc2 Rc8 14. Be3 Nf6 15. Bg5 h6 16. Bh4 Be7 17. Ne5 c6 18. Qa4 Qc7 19. f3 Nd5 20. Bxe7 Nxe7 21. Rfe1 Rfd8 22. Qb3 Rd5 23. Ng4 Nf5 24. Rad1 Rcd8 25. Qc2 c5 26. dxc5 Qxc5+ 27. Kf1 h5 28. Rxd5 Rxd5 29. Qf2 hxg4 30. Qxc5 Rxc5 31. fxg4 Nd6 32. Kf2 Kf8 33. Kf3 Ke7 34. h4 Nc4 35. Re2 g6 36. g3 f6 37. Kg2 Re5 38. Rf2 Ne3+ 39. Kf3 Nd5 40. Kg2 b5 41. Rd2 a5 42. Kf2 a4 43. Rd4 a3 44. bxa3 Nxc3 45. Kf3 Nxa2 46. Rd3 Rc5 47. Kg2 Nc3 48. Rd2 Ne4 49. Re2 Nd6 50. Ra2 Rc4 51. Kh3 f5 52. gxf5 Nxf5 53. Rb2 Rc3 54. Rxb5 Rxg3+ 55. Kh2 Rxa3 56. Rb4 Kf6 57. Kg2 Rg3+ 58. Kh2 Rd3 59. Kg2 Rd4 60. Rb3 Nxh4+ 61. Kh3 Nf5 62. Rb8 e5 63. Kg2 Rf4 64. Rb6+ Kg5 65. Re6 e4 66. Kg1 e3 67. Kg2 Nd4 68. Rxe3 Nf5 69. Ra3 Kg4 70. Rb3 Ra4 71. Rb2 g5 72. Kh2 Rc4 73. Rg2+ Kh4 74. Rf2 Ne3 75. Rf3 Rc2+ 76. Kh1 Nd5 77. Rd3 Nf6 78. Rf3 Nh5 79. Rd3 g4 80. Rd1 Kh3 81. Rd3+ Ng3+ 82. Kg1 0-1